000 00712nam a22002297a 4500
999 _c10259
_d10259
003 AR-CdUCM
008 190329b ||||| |||| 00| 0 spa d
040 _aMUNICIPALIDAD PROVINCIAL DEL CUSCO
_cBIBLIOTECA MUNICIPAL DEL CUSCO
082 _aES / 800 /
_bC22
100 _aCamoens, Luis de
_927006
245 _aLos Lusiadas :
_bPoema épico /
260 _aEspaña :
_bAraluce,
_c1960.
300 _a111 paginas ;
_c15 cm.
440 _aColección Araluce.
_927007
505 _aContenido :Los lusiadas.
650 _aLiteratura
_983
650 _aHistorietas
_910786
700 _aVallve, Manuel (adaptador)
_927008
700 _aSegrelles José (Ilustrador)
_927009
942 _2ddc
_cLIBROS
945 _arum